000
00266nam a22001217a 4500
008
170728b xxu||||| |||| 00| 0 eng d
041
_a
eng
080
_a
004
100
_a
31
101
_a
SHK
245
_a
PHOTOSHOP WORLD 2005 WORKBOOK
_c
KELBY,S
942
_2
udc
_c
BK
999
_c
22121
_d
22121